000 00931nam0a22002531 4500
001 rc\1090383
005 20250622142827.0
035 _a(NLR Aleph) 006337299
090 _a7607603
_c7607603
100 _a20041126d1983 |||y0rusy50 ca
101 0 _arus
102 _aRU
105 _aa |||||||||
200 1 _aВарианты атипичной клиники и изменений электрокардиограммы при инфаркте миокарда
_eУчеб. пособие
210 _aМ.
_cЦОЛИУВ
_d1983
215 _a53 с.
_cил.
_d21
300 _aВ надзаг.: М-во здравоохранения СССР, Центр. ин-т усоверш. врачей
320 _aБиблиогр.: с. 47-48
700 1 _aОстапюк
_bФ.Е.
_f1919-
_gФедор Ефимович
801 0 _aRU
_bNLR
_gpsbo
801 1 _aRU
_bELAR
_2rusmarc
852 _aNLR
_j84-4/20682
942 _cBOOK
980 _aNB